| 000 | 00643nam a2200217 a 4500 | ||
|---|---|---|---|
| 999 |
_c2636 _d2636 |
||
| 001 | 2636 | ||
| 003 | BD-JhCC | ||
| 005 | 20171105174409.0 | ||
| 008 | 171105s1955 bg |||| |||| 000 0 ben d | ||
| 035 | _a(BD-JhCC)2636 | ||
| 040 |
_aBD-JhCC _dBD-JhCC |
||
| 041 | _aben | ||
| 082 |
_a891.443 _bKHA 1955 |
||
| 100 | _aখান, রুস্তম | ||
| 245 |
_aঝড়ের পরে / _cরুস্তম খান |
||
| 260 |
_aঢাকা : _bমোহাম্মদী বুক হাউস, _c১৯৫৫. |
||
| 300 |
_a১১৩ পৃ. : _c১৭ সেমি. |
||
| 650 | _aBengali novel | ||
| 942 |
_2ddc _cBK |
||